| 000 | 00451nam a2200157 i 4500 | ||
|---|---|---|---|
| 001 | 52527 | ||
| 003 | ES-MaACL | ||
| 005 | 20230906162611.0 | ||
| 007 | t| | ||
| 008 | 030901s1900 fr ||||1| fre d | ||
| 100 | 1 |
_aChelard, Raoul. _938317 |
|
| 245 | 1 | 3 |
_aLa civilisation française dans la developpement de l'allemagne (moyen age) / _cRaoul Chelard. |
| 260 |
_aParis : _bMercure, _c1900. |
||
| 300 |
_a358 p. ; _c29 cm. |
||
| 852 |
_aES-MaACL _jF-3130 |
||
| 999 |
_c52527 _d52527 |
||